000 00396nam a22001217a 4500
003 SGT
082 _a301.2
_bS20G
100 _aघोष, चिंतामणी
245 _aसरस्वती : भारतीय चेतना की ध्वजवाहिका
260 _bइंडियन प्रेस पब्लिकेशंस
_c2020
300 _a332
942 _2ddc
_cBK
999 _c29514
_d29514